Prevention of food adulteration act (Record no. 1151489)

MARC details
000 -LEADER
fixed length control field 00785nam a2200265Ia 4500
003 - CONTROL NUMBER IDENTIFIER
control field OSt
005 - DATE AND TIME OF LATEST TRANSACTION
control field 20221007074206.0
008 - FIXED-LENGTH DATA ELEMENTS--GENERAL INFORMATION
fixed length control field 221006b |||||||| |||| 00| 0 eng d
037 ## - SOURCE OF ACQUISITION
Terms of availability Reference Collections
040 ## - CATALOGING SOURCE
Original cataloging agency FLL
Transcribing agency FLL
Language of cataloging eng
041 ## - LANGUAGE CODE
Source of code eng
Language code of text/sound track or separate title eng
110 ## - MAIN ENTRY--CORPORATE NAME
Corporate name or jurisdiction name as entry element The High Courts of Judicaure, Allahabad
9 (RLIN) 692671
245 #0 - TITLE STATEMENT
Title Prevention of food adulteration act
250 ## - EDITION STATEMENT
Edition statement 6th
260 ## - PUBLICATION, DISTRIBUTION, ETC.
Place of publication, distribution, etc. Meerut
Name of publisher, distributor, etc. The hindustan law publishing company India
Date of publication, distribution, etc. 1970
300 ## - PHYSICAL DESCRIPTION
Extent 271p
Dimensions cm.
650 ## - SUBJECT ADDED ENTRY--TOPICAL TERM
Topical term or geographic name entry element Law
700 ## - ADDED ENTRY--PERSONAL NAME
Personal name The High Courts of Judicaure, Allahabad
9 (RLIN) 692672
942 ## - ADDED ENTRY ELEMENTS (KOHA)
Classification part F53:Z2qN54:9, K7;L0
Koha item type Reference
Source of classification or shelving scheme Colon Classification (CC)
Holdings
Withdrawn status Lost status Source of classification or shelving scheme Damaged status Not for loan Home library Current library Date acquired Total Checkouts Full call number Barcode Date last seen Price effective from Koha item type
    Colon Classification (CC)     Faculty of Law Library Faculty of Law Library 2022-10-07   F53:Z2qN54:9 K7;L0 LL0335698 2022-10-07 2022-10-07 Reference
Copyright @ Delhi University Library System